|
|
|
|
| LEADER |
00000nab a2200000 a 4500 |
| 001 |
vtls000248341 |
| 003 |
SK-MaSNL |
| 005 |
20260303170434.0 |
| 008 |
220422c1986 xo 0 slo |
| 015 |
|
|
|a SNBRB19rr/mm-uuuuu
|
| 035 |
|
|
|a CL0258455
|
| 040 |
|
|
|a SNKBUCL
|b slo
|c SNKBUCL
|e AACR2
|
| 041 |
0 |
|
|a slo
|
| 044 |
|
|
|a xo
|c SK
|
| 080 |
|
|
|a 612.67
|2 1981
|
| 080 |
|
|
|a 616-053.9
|2 1981
|
| 080 |
|
|
|a 301.185.3
|2 1981
|
| 100 |
1 |
|
|a Kostolanský, Rudolf
|4 aut
|9 227368
|
| 245 |
1 |
0 |
|a Sociálnopsychologické hľadiská "Programu prípravy na starobu"
|c Rudolf Kostolanský
|
| 650 |
0 |
7 |
|a gerontológia
|2 snkbucl
|9 1121
|
| 655 |
|
7 |
|a články z novín a časopisov
|2 snkbucl
|9 267496
|
| 773 |
0 |
|
|t Osvetová práca
|g Roč. 36, č. 5 (1986), s. 18-21
|
| 850 |
|
|
|a Slovenská národná knižnica v Martine
|a MTA001
|
| 852 |
|
|
|a SNK
|b KIS3GCP
|
| 958 |
|
|
|a RK
|
| 958 |
|
|
|a ME
|
| 992 |
|
|
|a RBX
|
| 999 |
|
|
|c 2077113
|d 2079043
|